000 00925nas a2200313 4500
001 BR2011000695
003 BR-BrBNA
005 20231205114452.0
007 ta
008 230509b bl.|||p| |||| 00| 00por d
040 _aBR-BrBNA
_bpor
_cBiblioteca Nacional de Agricultura
041 _a(En)
072 _aH10
100 1 _aFernandes, F.L.
100 1 _aPicanço, M.C.
100 1 _aChediak, M.
100 1 _aFernandes, M.E.S.
100 1 _aRamos, R.S.
100 1 _aMoreira, S. de S.
245 1 _aA low-cost trap for Cerambycidae monitoring in forest plantations in Brazil
650 _aBROCA
650 _aFLORESTA
650 _aAMOSTRAGEM
650 _aCUSTO
773 0 _tPesquisa Agropecuária Brasileira (Brazil)
_xISSN 0100-204X
_g(Sep 2010), v. 45(9) p. 1044-1047
_wBR2011000695
856 4 0 _dLink DSPACE/MAPA BR2011000695
909 _a202311
_bLúcia
_c55
_dLúcia Elande
942 _2AGRIS
_n0
_cANA
999 _c208915
_d208915